Role of international accounting standards in uniforming accounting language

Enregistré dans:
Détails bibliographiques
Auteur principal: Wlaz, Renata
Format: Chapitre de livre
Langue:anglais
Sujets:
Tags: Ajouter un tag
Pas de tags, Soyez le premier à ajouter un tag!

MARC

LEADER 00000naa$a2200000$$$4500
001 0015109
005 20221207104918.9
041 0 |a eng 
044 |a SK 
245 1 0 |a Role of international accounting standards in uniforming accounting language  |c aut. Renata Wlaz 
610 2 0 |a účtovníctvo 
610 2 0 |a štandardy účtovné medzinárodné 
610 2 0 |a Európska únia 
610 2 0 |a unifikácia 
610 2 0 |a IAS 
100 1 |a Wlaz, Renata